| 000 | 00583nam a2200241Ia 4500 | ||
|---|---|---|---|
| 005 | 20250425162216.0 | ||
| 008 | 250425s9999 xx 000 0 und d | ||
| 020 | _a7508503414 | ||
| 041 | _aspa | ||
| 082 | _a792.50951 | ||
| 100 | _aXU, CHENGBEI | ||
| 245 | 0 | _aLA OPERA DE BEIJING | |
| 250 | _a1A ED. | ||
| 260 |
_aChina _bCHINA INTERCONTINENTAL PRESS _c2003 |
||
| 260 | _aPEKIN/BEIJING | ||
| 300 | _a129 | ||
| 650 | _aCOMEDIA | ||
| 650 | _aOBRAS TEATRALES-HISTORIA-CHINA | ||
| 650 | _aOPERA | ||
| 700 |
_aCHEN GENSHENG _etraductor |
||
| 942 | _c01 | ||
| 010 | _a56782 | ||
| 999 |
_c224557 _d224557 |
||